| 000 | 00637nam a22001817a 4500 | ||
|---|---|---|---|
| 005 | 20160810162859.0 | ||
| 010 | _aENG-115710 | ||
| 020 |
_a9789351950219 _c399.00 |
||
| 035 | _aEN-99242 | ||
| 037 | _bDBAD/PUB | ||
| 082 | _a658 | ||
| 100 | _aVijayaraghavan,Srinivas B. | ||
| 245 |
_aFilmy manager : _cby Srinivas B. Vijayaraghavan, _bwhat Bhuvan and Bittoo can you about leadership,entrepreneurship and strategy / |
||
| 260 |
_aGurgoan _bHachette India _c2015 |
||
| 270 |
_a4th & 5th Floors Corporate Center,Plot N0-94,Sector 44 _bGurgaon _e122003 |
||
| 300 |
_avii,320p _c19cm(pbk) |
||
| 942 |
_2ddc _cEN _h658 _mVIJ |
||
| 999 |
_c102122 _d102122 |
||